000 00451nam a2200157Ia 4500
020 _a9780071078405
020 _a978-0-07-065665-9
082 _a658 .15
_bPRA/FI
100 _aPrasanna, Chandra
_9900
245 _aFinancial Management : Theory and Practice
250 _a7/ 8
260 _aNew Delhi
_bTata Mc Graw -Hill Publishing Company Limited
_c2011
300 _a951, 1062
490 _aCFM - TMH Professional Series in Finance
942 _cBK
999 _c14097
_d14097